Toutes les chansons des longs-métrages Disney (1937-2000) - Statistiques

Statistiques générales
  • Ce quiz a été pris 45 fois
  • Le résultat moyen est 54 sur 365
Statistiques - réponses
Long-métrage Nom de la chanson % Correct
La Belle au bois dormant Je voudrais
85%
Aladdin Ce rêve bleu
81%
Le Roi lion Je voudrais déjà être roi
81%
Le Roi lion Hakuna Matata
78%
Pocahontas, une légende indienne L'Air du vent
78%
Le Roi lion L'Histoire de la Vie
78%
Le Roi lion L'Amour brille sous les étoiles
74%
La Belle et la Bête Belle
70%
La Belle et la Bête Gaston
70%
Aladdin Prince Ali
70%
La Petite Sirène Sous l'océan
70%
La Petite Sirène Partir là-bas
67%
La Belle et la Bête C'est la fête
63%
Pocahontas, une légende indienne Des Sauvages
63%
La Belle et la Bête Histoire éternelle
63%
Le Livre de la jungle Il en faut peu pour être heureux
63%
Toy Story | Toy Story 2 Je suis ton ami
63%
Le Roi lion Soyez prêtes
63%
Peter Pan Tu t'envoles
63%
Peter Pan Tu t'envoles !
63%
Mulan Comme un homme
59%
Aladdin Je suis ton meilleur ami
59%
Aladdin Je vole
59%
Blanche-Neige et les sept nains Sifflez en travaillant
59%
Hercule De zéro en héros
56%
Pocahontas, une légende indienne Au détour de la rivière
52%
La Petite Sirène Embrasse-la
52%
Blanche-Neige et les sept nains Heigh-Ho
52%
Bambi La Chanson de la pluie
52%
Les Aristochats Tout le monde veut devenir un cat
52%
Hercule Jamais je n'avouerai
48%
Aladdin | Aladdin et le Roi des voleurs | Le Retour de Jafar Nuits d'Arabie
48%
Mulan Réflexion
48%
La Belle au bois dormant J'en ai rêvé
44%
Tarzan Je veux savoir
44%
Cendrillon Les Harpies
44%
Dumbo Mon tout petit
44%
Cendrillon C'est ça l'amour
41%
Peter Pan A la file indienne
37%
Mulan Honneur à tous
37%
La Belle et la Bête Je ne savais pas
37%
Blanche-Neige et les sept nains Je souhaite
37%
Alice au pays des merveilles Peignons les roses en rouge
37%
Les Aventures de Bernard et Bianca S.O.S Société
37%
Bernard et Bianca au pays des kangourous S.O.S. Société
37%
Cendrillon Tendre Rêve
37%
Cendrillon Bibbidi-Bobbidi-Boo
33%
La Belle et la Bête La Belle et la Bête
33%
Le Bossu de Notre-Dame Les Cloches de Notre-Dame
33%
La Petite Sirène Pauvres âmes en perdition
33%
Pinocchio Quand on prie la bonne étoile
33%
Le Livre de la jungle Aie confiance
30%
La Belle et le Clochard Belle Nuit
30%
Tarzan Enfant de l'homme
30%
Le Livre de la jungle Etre un homme comme vous
30%
Les Aristochats Gammes et Arpèges
30%
Bambi Je chante pour toi
30%
Le Bossu de Notre-Dame Rien qu'un jour
30%
La Belle et la Bête Tuons la bête
30%
Mulan Une belle fille à aimer
30%
Alice au pays des merveilles Un joyeux non-anniversaire
30%
Le Bossu de Notre-Dame Infernale
26%
Bambi La Chanson du printemps
26%
Hercule Le Gospel pur I
26%
Le Roi lion 2 : L'Honneur de la tribu Nous sommes un
26%
Mary Poppins Supercalifragilisticexpialidocious
26%
Le Roi lion 2 : L'Honneur de la tribu A Upendi
22%
Mary Poppins Chem Cheminée
22%
La Belle et la Bête Humain à nouveau
22%
La Belle et le Clochard La Chanson des Siamois
22%
Le Bossu de Notre-Dame Les bannis ont droit d'amour
22%
Robin des Bois Quel beau jour vraiment
22%
Les Aristochats Thomas O'Malley
22%
Hercule Une étoile est née
22%
Les 101 Dalmatiens Cruella d'Enfer
19%
Merlin l'enchanteur Higitus Figitus
19%
La Belle et le Clochard Il se traîne
19%
Le Roi lion 2 : L'Honneur de la tribu Il vit en toi
19%
Dumbo | Le Livre de la jungle La Marche des éléphants
19%
Le Roi lion 2 : L'Honneur de la tribu L'Amour nous guidera
19%
Hercule Le Monde qui est le mien
19%
Le Roi lion Le Rapport du Matin
19%
Les Aristochats Les Aristochats
19%
Mary Poppins Un Morceau de sucre
19%
Blanche-Neige et les sept nains Un sourire en chantant
19%
Dumbo Voir voler un éléphant
19%
Pocahontas, une légende indienne Au son calme des tam-tams
15%
Le Bossu de Notre-Dame Charivari
15%
Tarzan Entre deux mondes
15%
Le Bossu de Notre-Dame La Cour des Miracles
15%
Bambi L'amour est éternel
15%
Blanche-Neige et les sept nains La Tyrolienne des nains
15%
Hercule Le gospel pur II
15%
Hercule Le Gospel pur III
15%
Alice au pays des merveilles Le Morse et le Charpentier
15%
Pocahontas 2 : Un monde nouveau Méfiez-vous des apparences
15%
Alice au pays des merveilles Pays du Merveilleux
15%
Rox et Rouky Pourquoi faut-il se quitter ?
15%
Pinocchio Sans aucun lien
15%
Le Retour de Jafar Un Ami
15%
Alice au pays des merveilles Un matin de mai fleuri
15%
Aladdin et le Roi des voleurs Bienvenue aux quarante voleurs
11%
Dingo et Max Ca va toujours pour nous
11%
Cendrillon Cendrillon
11%
Alice au pays des merveilles Ce que je dois faire
11%
Aladdin et le Roi des voleurs C'est la fantasia à Agrabah
11%
Alice au pays des merveilles Dans le monde de mes rêves
11%
Rox et Rouky Deux bons copains
11%
Mary Poppins Deux pences
11%
Aladdin et le Roi des voleurs Dites "oui" ou "non"
11%
Cendrillon Doux Rossignol
11%
Pocahontas, une légende indienne Ecoute ton coeur
11%
La Petite Sirène Filles du roi Triton
11%
Le Retour de Jafar Je prend soin de ma vie
11%
La Petite Sirène La Chanson de Vanessa
11%
Alice au pays des merveilles La Course saugrenue
11%
Peter Pan La Deuxième Petite Etoile
11%
Basil, détective privé Laissez-moi vous gâter
11%
La Belle et le Clochard La La Lou
11%
Peter Pan La Piraterie
11%
Peter Pan Le Besoin d'aimer
11%
Peter Pan Le Roi des voleurs
11%
Rox et Rouky Le Secret de la séduction
11%
La Petite Sirène Les Poissons
11%
Alice au pays des merveilles Les Rhododendroves
11%
Dumbo Le Train du bonheur
11%
Oliver et Compagnie Mais pourquoi m'en faire ?
11%
Toy Story 2 Quand elle m'aimait
11%
Alice au pays des merveilles Qui ose peindre mes roses en rouge ?
11%
Le Retour de Jafar Tu n'es qu'un amateur
11%
Le Bossu de Notre-Dame Une douce lueur
11%
Le Bossu de Notre-Dame Un gars comme toi
11%
Pocahontas, une légende indienne Virginie Compagnie
11%
Alice au pays des merveilles Votre santé est bonne
11%
Alice au pays des merveilles A-E-I-O-U
7%
Dingo et Max Après demain
7%
Taram et le Chaudron magique Au fond des âges
7%
Pocahontas 2 : Un monde nouveau Au seuil de mon avenir
7%
Bambi Batifolage
7%
Pocahontas 2 : Un monde nouveau Bienvenue à Londres
7%
Oliver et Compagnie Bonne Compagnie
7%
Basil, détective privé Bye Bye déjà
7%
Peter et Elliott le dragon Ce n'est pas rien
7%
Coquin de printemps Ce n'est qu'un rêve un peu fou
7%
Alice au pays des merveilles C'est l'heure où le long crocodile
7%
Rox et Rouky Chasseur avant tout
7%
Les Aventures de Bernard et Bianca Courage, petite soeur
7%
La Petite Sirène Dans les profondeurs de l'océan
7%
Les Aventures de Bernard et Bianca Demain, c'est un autre jour
7%
Oliver et Compagnie Des rues en or ?
7%
Coquin de printemps Dites « je t'aime » avec une claque
7%
La Belle au bois dormant Douce Aurore
7%
Le Roi lion Est-ce que tu veux le manger ?
7%
Alice au pays des merveilles Fais dodo
7%
Rox et Rouky Faute d'éducation
7%
Pinocchio Hi-Diddle-Dee-Dee
7%
Oliver et Compagnie Il était une fois à New York City
7%
Toy Story Jamais plus je ne volerai
7%
Alice au pays des merveilles Je suis en r'tard
7%
Alice au pays des merveilles Je suis l'mat'lot
7%
Mary Poppins Je vis et mène une vie aisée
7%
La Bande à Picsou, le Trésor de la lampe perdue La Bande à Picsou
7%
Bambi La Chanson de Panpan
7%
Mary Poppins Laissons-le s'envoler
7%
Dumbo La Livraison à Mme Jumbo
7%
Les 101 Dalmatiens La Maison du rêve
7%
Bambi L'amour c'est le refrain
7%
Oliver et Compagnie La perfection, c'est moi
7%
Basil, détective privé Le Grand Génie du mal
7%
Alice au pays des merveilles Le Père François
7%
Mary Poppins Les Soeurs suffragettes
7%
Le Roi lion 2 : L'Honneur de la tribu L'Un des nôtres
7%
Robin des Bois Messire le roi de mauvais aloi
7%
Le Roi lion 2 : L'Honneur de la tribu Mont chant d'espoir
7%
Mary Poppins Ne dormez pas
7%
Peter Pan Ne souriez jamais à un crocodile
7%
Peter Pan NeverLand
7%
Dumbo On doit dresser le chapiteau
7%
Taram et le Chaudron magique On me fera chevalier
7%
Peter et Elliott le dragon On s'aime beaucoup
7%
Alice au pays des merveilles On va griller le monstre
7%
Peter et Elliott le dragon On va s'en mettre plein les poches
7%
Peter Pan Pourqu'HAW
7%
Pocahontas 2 : Un monde nouveau Quand il vous verra
7%
Les Aventures de Bernard et Bianca Quelqu'un t'attend là-bas
7%
Pinocchio Sifflez vite, vite!
7%
Pocahontas, une légende indienne Si je ne t'avais pas connu
7%
Dingo et Max Stand out
7%
Taram et le Chaudron magique Taram et le Chaudron magique
7%
Taram et le Chaudron magique The Horned King
7%
Le Roi lion The Lion sleeps tonight
7%
La Belle et le Clochard Trois pas par-ci, deux par-là
7%
Aladdin et le Roi des voleurs Tu n'es pas tombé du ciel
7%
Peter et Elliott le dragon Un acte de vente
7%
Peter et Elliott le dragon Un dragon !
7%
Coquin de printemps Un monde enchanteur
7%
Pinocchio Un pantin de bois
7%
Aladdin et le Roi des voleurs Un père et un fils
7%
Peter et Elliott le dragon Un petit point de lumière
7%
Taram et le Chaudron magique Un savoir que j'ignore
7%
Dumbo Voici le messager
7%
Robin des Bois Whistle Stop
7%
Peter et Elliott le dragon Y'a du bonheur
7%
Taram et le Chaudron magique Ypidap - Padoo - Dap
7%
La Boîte à musique After You've Gone
4%
Coquin de printemps Ah ! Bonjour le printemps
4%
Mélodie du Sud All I Want
4%
La Boîte à musique All the Cats Join In
4%
Saludos Amigos Aquarela do Brasil
4%
Les Trois Caballeros Baia
4%
Peter et Elliott le dragon Belle journée
4%
Danny, le petit mouton noir Billy Boy
4%
Blanche-Neige et les sept nains Bluddle-Uddle-Um-Dum
4%
La Boîte à musique Blue Bayou
4%
Mélodie cocktail Bumble Boogie
4%
La Boîte à musique Casey at the Bat
4%
La Belle et la Bête 2 : Le Noël enchanté C'est bête l'amour
4%
Mary Poppins C'est bon de rire
4%
Le Livre de la jungle C'est ça l'amitié
4%
Merlin l'enchanteur C'est c'qui fait qu'tout tourne rond
4%
Mélodie cocktail C'est la faute de la samba
4%
Danny, le petit mouton noir C'est la ténacité qui te fait triompher
4%
Mélodie cocktail C'est l'ouest qu'il te faut
4%
Les Aventures de Tigrou | Les Aventures de Winnie l'ourson C'est merveilleux d'être un tigre
4%
Coquin de printemps C'est parfois vrai un rêve
4%
Mélodie cocktail C'est un souvenir de décembre
4%
Mélodie du Sud Chacun de nous a son p'tit coin de bonheur
4%
Mélodie du Sud Chanson du sud
4%
Mélodie du Sud Comment ça va?
4%
L'Apprentie sorcière Dans le bleu de la mer
4%
La Boîte à musique Deux silhouettes
4%
Peter et Elliott le dragon Docteur Terminus
4%
L'Apprentie sorcière Eglantine
4%
Toy Story Etrange, bizarre
4%
Coquin de printemps Farandole et Fantaisie
4%
Coquin de printemps Fi Fai Fo Fum
4%
Mélodie cocktail Gloire à l'arbre
4%
Les Aventures de Winnie l'ourson Héros Winnie et Porcinet
4%
Robin des Bois Hier deux enfants
4%
Dingo et Max High Hopes
4%
La Belle et la Bête 2 : Le Noël enchanté Histoires
4%
La Belle et le Clochard Home Sweet Home
4%
Dingo et Max I-2-I
4%
Le Crapaud et le Maître d'école Ichabod and Mr Toad
4%
Le Crapaud et le Maître d'école Ichabod Crane
4%
Hercule Il me reste un espoit
4%
Danny, le petit mouton noir Jerry Kincaid
4%
La Boîte à musique Johnnie Fedora et Alice Bluebonnet
4%
Mélodie cocktail Johnny Pépin-de-Pomme
4%
Les 101 Dalmatiens Kanine Krunchies
4%
Le Crapaud et le Maître d'école Katrina
4%
La Boîte à musique La Baleine qui voulait chanter au Met
4%
Les Trois Caballeros La Chanson du bonheur
4%
Merlin l'enchanteur La Chose la plus compliquée
4%
Mulan La décision
4%
La Belle et le Clochard 2 : L'Appel de la rue La Famille
4%
L'Apprentie sorcière L'Age de vos beaux rêves
4%
Danny, le petit mouton noir La Grande Foire
4%
Merlin l'enchanteur La Légende d'Excalibur
4%
Peter et Elliott le dragon La Maison des collines
4%
La Belle et le Clochard La Paix sur Terre
4%
Les Aventures de Winnie l'ourson L'Arbre à miel
4%
Danny, le petit mouton noir Lavande bleue
4%
Le Crapaud et le Maître d'école Le Cavalier Sans-tête
4%
Mélodie cocktail Le ciel est bon pour moi
4%
La Belle et le Clochard 2 : L'Appel de la rue Le Club des clébards
4%
Mélodie cocktail Le Cow-boy du Texas
4%
Les Aventures de Winnie l'ourson Le Grand Vent
4%
Les Aventures de Winnie l'ourson Le Petit Nuage
4%
La Belle au bois dormant Les Dons des Fées
4%
Les Aventures de Winnie l'ourson Les Ephelants et les Nouifes
4%
Dingo et Max Lester's possum park
4%
Les Trois Caballeros Les Trois Caballeros
4%
Mélodie cocktail Le Temps d'une chanson
4%
La Petite Sirène 2 : Retour à l'océan Le titan Tip et le grand Flash
4%
Mélodie du Sud Let the Rain Pour Down
4%
Les Aventures de Bernard et Bianca Le Voyage
4%
Les Aventures de Winnie l'ourson L'Orage
4%
Pocahontas, une légende indienne L'Or de Viriginie
4%
Les Aventures de Winnie l'ourson L'Univers de Jean-Christophe
4%
Mélodie cocktail Ma belle ombre bleue
4%
Les Aventures de Winnie l'ourson Mains en l'air
4%
Le Livre de la jungle Ma maison sous le chaume
4%
Les Trois Caballeros Mexico
4%
Mary Poppins Nourrir les p'tits oiseaux
4%
Le Crapaud et le Maître d'école Nous galopons, galopons , galopons
4%
Les Trois Caballeros Os Quindines de laia
4%
Le Retour de Jafar Oublie l'amour
4%
Robin des Bois Pas à Nottingham
4%
Mary Poppins Petite annonce pour une nounou
4%
Mélodie cocktail Petit Toot
4%
La Boîte à musique Pierre et le Loup
4%
L'Apprentie sorcière Portobello Road
4%
Merlin l'enchanteur Pour notre roi
4%
Winnie l'ourson 2 : Le Grand Voyage Pour toujours
4%
Mary Poppins Quelle jolie promenade avec Mary
4%
La Belle et le Clochard Qu'est ce qu'un bébé ?
4%
Les Aventures de Bernard et Bianca Qui veut me sauver ?
4%
Les Aristochats She Never Felt Alone
4%
Danny, le petit mouton noir Si cher à mon cœur
4%
La Boîte à musique Si vous m'aimiez autant que je vous aime
4%
La Belle au bois dormant Sleeping Beauty
4%
Mélodie du Sud Sooner or Later
4%
Dingo et Max Stayin' Alive
4%
L'Apprentie sorcière Substitutiary Locomotion
4%
Dingo et Max Sur la route
4%
La Belle et la Bête 2 : Le Noël enchanté Tant qu'il y aura Noel
4%
La Boîte à musique The Martins and the Coys
4%
L'Apprentie sorcière The Old Home Guard
4%
1001 Pattes The Time Of Your Life
4%
Saludos Amigos Tico Tico No Fuba
4%
Tarzan Toujours dans mon coeur
4%
La Belle au bois dormant Trinquons à ce soir
4%
Mulan True to Your Heart
4%
Danny, le petit mouton noir Tu dois faire avec ce que tu as
4%
Mélodie du Sud Uncle Remus Said
4%
Blanche-Neige et les sept nains Un jour mon prince en viendra
4%
Mélodie cocktail Un tour à l'endroit, un tour à l'envers
4%
Mélodie du Sud Who Wants to Live Like That ?
4%
Les Aventures de Winnie l'ourson Winnie s'en sortira
4%
Merlin l'enchanteur Zim zam ba rim bim
4%
Mélodie du Sud Zip-a-Dee-Doo-Dah
4%
La Belle et le Clochard 2 : L'Appel de la rue Belle Notte
0%
Dinosaure Can Somebody Tell Me
0%
La Petite Sirène 2 : Retour à l'océan Ce grand moment
0%
Les Aventures de Tigrou C'est tigrement bon
0%
Les Aventures de Tigrou C'est une sacrée famille
0%
Saludos Amigos Choeur
0%
Dingo et Max 2 : Les Sportifs de l'extrême Come on get happy
0%
Les Aventures de Tigrou Comment être un tigre ?
0%
La Belle et la Bête 2 : Le Noël enchanté Décorons l'arbre de Noel
0%
Dingo et Max 2 : Les Sportifs de l'extrême Don't give up
0%
Les Aventures de Tigrou Dors douce abeille
0%
Dingo et Max 2 : Les Sportifs de l'extrême Future's so bright gotta wear shades
0%
La Belle et le Clochard 2 : L'Appel de la rue Je n'avais jamais ressenti ça
0%
Dingo et Max 2 : Les Sportifs de l'extrême Knock on Wood
0%
La Petite Sirène 2 : Retour à l'océan La Terre et l'océan
0%
Winnie l'ourson 2 : Le Grand Voyage L'aventure, c'est extraordinaire
0%
La Belle et la Bête 2 : Le Noël enchanté Les Compères hors pair
0%
Winnie l'ourson 2 : Le Grand Voyage Lorsque tout va très bien
0%
Winnie l'ourson 2 : Le Grand Voyage Mes lumières d'espoir
0%
Kuzco, l'empereur mégalo My Funny Friend and Me
0%
Dingo et Max 2 : Les Sportifs de l'extrême Nowhere to run
0%
Kuzco, l'empereur mégalo One Day She'll Love Me
0%
Mary Poppins Prenons le ryhtme
0%
Dingo et Max 2 : Les Sportifs de l'extrême Pressure drop
0%
Les Aventures de Tigrou Quelqu'un comme moi
0%
Dingo et Max 2 : Les Sportifs de l'extrême Right Back Where We Started From
0%
Dingo et Max 2 : Les Sportifs de l'extrême Shake your groove thing
0%
Winnie l'ourson 2 : Le Grand Voyage Si c'est écrit, c'est ainsi
0%
Kuzco, l'empereur mégalo Snuff Out The Light
0%
La Petite Sirène 2 : Retour à l'océan Sous le soleil
0%
Tarzan Trashing' The Camp
0%
Kuzco, l'empereur mégalo Un monde parfait
0%
La Belle et le Clochard 2 : L'Appel de la rue Un monde sans barrières
0%
La Belle et le Clochard 2 : L'Appel de la rue Venez
0%
Kuzco, l'empereur mégalo Walk the Llama Llama
0%
Toy Story 2 Western Woody
0%
Dingo et Max 2 : Les Sportifs de l'extrême You make me feel like dancing
0%
Aucun quiz correspondant
Distribution des résultats
% des personnes avec chaque résultat
Percentile par nombre de réponses
Votre historique - résultats
Vous n’avez pas pris ce quiz